000 00391nam a2200145Ia 4500
008 230711s9999||||xx |||||||||||||| ||und||
041 _aENG
082 _a4
_bVE-P
100 _aVenkataraman,R
245 0 _aPulse digital circuits and computer fundamentals 
250 _a3rd Ed.
260 _c1994
_aNew Delhi
_bDhanpat Rai & Co.(Pvt.)Ltd.
650 _aElectrical Engineering
942 _cBK
999 _c3218
_d3218